000 00230nam a2200097Ia 4500
001 805642
005 20250826171156.0
008 250824s9999 xx 000 0 und d
245 0 _aHÜZÜN
_cAYŞE KULİN
260 _bEVEREST YAYINLARI
999 _c805642
_d805642